Statistics for Fab Five

Click here to take the quiz!

General Stats

  • This quiz has been taken 25 times
  • The average score is 4 of 5

Answer Stats

Most Notable TeamPlayers% Correct
Sacrmento KingsChris Webber
100%
New York KnicksJalen Rose
95%
Denver NuggetsJimmy King
95%
Miami HeatJuwan Howard
85%
CBARay Jackson
55%

Score Distribution

Percentile by Number Answered

Percent of People with Each Score

Your Score History

You have not taken this quiz